Schalke 04 Kader 2025/26 - Statistiken

Allgemein
  • Dieses Quiz wurde 284 mal gespielt
  • Das Durchschnittsergebnis liegt bei 22 aus 33
Antwortstatistiken
Hint Antwort % Korrekt
1 Loris Karius
100%
5 Timo Becker
94%
33 VItalie Becker
94%
9 Moussa Sylla
93%
25 Nikola Katic
93%
19 Kenan Karaman
92%
6 Ron Schallenberg
86%
4 Hasan Kurucay
82%
2 Felipe Sanchez
81%
28 Justin Heekeren
81%
43 Mertcan Ayhan
81%
17 Adrian Gantenbein
79%
11 Bryan Lasme
78%
23 Soufiane El-Faouzi
78%
7 Christian Gomis
74%
32 Luca Podlech
67%
41 Henning Matriciani
66%
37 Max Grüger
62%
39 Peter Remmert
61%
27 Finn Porath
60%
14 Janik Bachmann
57%
36 Johannes Siebeking
55%
35 Mika Wallentowitz
54%
8 Amin Younes
52%
30 Anton Donkor
50%
15 Emil Højlund
49%
26 Tomas Kalas
45%
47 Zaid Tchibara
45%
3 Dylan Leonard
38%
18 Christopher Antwi-Adjej
36%
22 Ibrahima Cissé
25%
16 Mauro Zalazar
24%
49 Tidiane Touré
18%
Keine übereinstimmenden Quizze gefunden
Verteilung der Resultate
Anzahl Personen mit jedem Resultat
Perzentil nach korrekt beantworteten Fragen
Ihre Resultats-Entwicklung
Sie haben dieses Quiz noch nicht gespielt